00525 2200205 4500001002100000005001500021035002000036007000300056008004100059020002200100082001000122084001600132100002400148245002800172260003800200300003700238650001500275650000900290990002000299INLIS00000000000307520260604075656 a0010-0626000026ta260604 f 0 ind  a978-979-002-611-7 a636.2 a636.2 SIR b3 aSiregar, Sori Basya1 aBisnis Penggemukan Sapi aJakarta :bPenebar Swadaya,c2013 aiv + 132 hlm. :bilus. ;c23 cm. 4aPeternakan 4aSapi a20260604.02.016